000 00533nam a2200193Ia 4500
999 _c3658
_d3658
003 OSt
005 20200818114638.0
008 190216s9999||||xx |||||||||||||| ||und||
020 _a9788184121049
040 _coclc
082 _a541.2242
_bBAN/C
100 _aBanerjea, D
_94185
245 0 _aCoordination Chemistry /
_cD Banerjea
250 _a3rd Ed.
260 _bAsian Books Pvt Ltd,
_c2012.
_aNew Delhi:
300 _a850p
650 _aChemistry
942 _cBK
_2ddc
_h541.2242
_iBAN/C
_k541.2242
_mBAN/C